000 00950cam a22002651 4500
001 36024
003 BD-RjUL
005 20211209052423.0
008 140615s1952 ilu b 000 0 eng
035 _a(BD-RjUL)36121
035 _a(BD-RjUL)36121
040 _aDLC
_cODaWU
_dOCoLC
_dBD-RjUL
_beng
041 _aeng
082 _a320.45
_bZNM 1952
100 1 _aZnaniecki, Florian,
_d1882-1958.
_94266
245 1 0 _aModern nationalities /
_ba sociological study.
260 _aUrbana :
_bUniversity of Illinois Press ;
_c1952.
300 _axvi, 196 p. ;
_c25 cm.
500 _a"An earlier, much shorter preliminary outline, written for a course ... at the University of Illinois, was published in Spanish translation [under title: Las sociedades de cultura nacional y sus relaciones]"
504 _aIncludes bibliographical references.
650 0 _aNationalism.
_9109674
942 _2ddc
_cBK
999 _c36024
_d36024